[Professional charges] Scale of professional charges for quantity surveying services in Hong Kong (Record no. 88759)

MARC details
000 -LEADER
fixed length control field 00780cam a2200265 4500
001 - CONTROL NUMBER
control field D15849
008 - FIXED-LENGTH DATA ELEMENTS--GENERAL INFORMATION
fixed length control field 090401t1975 xxu||||| |||| 00| 0 eng d
035 ## - SYSTEM CONTROL NUMBER
System control number (Sirsi) u25564
041 ## - LANGUAGE CODE
Language code of text/sound track or separate title eng
050 ## - LIBRARY OF CONGRESS CALL NUMBER
Classification number 331.2166095125
-- 18
110 ## - MAIN ENTRY--CORPORATE NAME
Corporate name or jurisdiction name as entry element Royal Institution of Chartered Surveyors
Subordinate unit Hong Kong Branch
9 (RLIN) 1269
245 ## - TITLE STATEMENT
Title [Professional charges] Scale of professional charges for quantity surveying services in Hong Kong
250 ## - EDITION STATEMENT
Edition statement 2nd ed.
260 ## - PUBLICATION, DISTRIBUTION, ETC.
Place of publication, distribution, etc. Hong Kong
Name of publisher, distributor, etc. RICS
Date of publication, distribution, etc. 1975
300 ## - PHYSICAL DESCRIPTION
Extent 13p.
Dimensions 22cm
490 ## - SERIES STATEMENT
Series statement RICS Fee Scales
650 ## - SUBJECT ADDED ENTRY--TOPICAL TERM
Topical term or geographic name entry element PROFESSIONAL FEES
650 ## - SUBJECT ADDED ENTRY--TOPICAL TERM
Topical term or geographic name entry element QUANTITY SURVEYORS' FEES
650 ## - SUBJECT ADDED ENTRY--TOPICAL TERM
Topical term or geographic name entry element FEE SCALES
650 ## - SUBJECT ADDED ENTRY--TOPICAL TERM
Topical term or geographic name entry element HONG KONG
650 ## - SUBJECT ADDED ENTRY--TOPICAL TERM
Topical term or geographic name entry element PROFESSIONAL CHARGES
690 ## - LOCAL SUBJECT ADDED ENTRY--TOPICAL TERM (OCLC, RLIN)
Topical term or geographic name as entry element Quantity surveying
9 (RLIN) 6263
942 ## - ADDED ENTRY ELEMENTS (KOHA)
Suppress in OPAC 0
948 ## - LOCAL PROCESSING INFORMATION (OCLC); SERIES PART DESIGNATOR (RLIN)
c (OCLC) 04/03/1997
Holdings
Withdrawn status Lost status Source of classification or shelving scheme Damaged status Not for loan Home library Current library Shelving location Date acquired Total Checkouts Full call number Barcode Date last seen Copy number Price effective from Koha item type
    Other/Generic Classification Scheme     London London RICS Boxes 22/08/1991   1975/28 30027816 06/08/2019 1 06/08/2019 Reference material
    Other/Generic Classification Scheme     London London RICS Boxes 14/09/1999   1975/28 30009502 06/08/2019 2 06/08/2019 Reference material
    Other/Generic Classification Scheme     London London RICS Boxes 15/08/1991   1975/28 30009498 06/08/2019 3 06/08/2019 Book